000 01195nam a2200361 a 4500
005 20191224041549.0
008 151217b xxu||||| |||| 00| 0 spa d
040 _aCO-BoIAVH
_cCO-BoIAVH
041 _aspa
090 _aLB
_b00946
100 _aWalschburger, Thomas
_944593
245 _aInforme de avance y presentación de resultados parciales del proyecto síntesis biogeográfica de la región del Pacífico colombiano
260 _aBogotá
_bProyecto Biopacífico
_c1996
300 _a261 p.
650 _aBiogeografía
_944594
650 _aBiodiversidad
_992204
650 _aEcología de poblaciones
_93557
650 _aEcosistemas
_944597
650 _aAreas prioritarias de conservación
_944598
650 _aVegetación
_944599
650 _aLepidopteros
_94756
650 _aHerpetofauna
_94239
650 _aAves
_944600
650 _aMamíferos
_944601
662 _aColombia
_cPacífico
662 _aColombia
_cChocó biogeográfico
700 _aHurtado, Adriana
_916897
700 _aRomero, Milton
_94469
700 _aRivas, María del Pilar
_944602
700 _aPolo, Claudia Sofía
_944603
700 _aAhumada, Martha Liliana
_944604
942 _cINFORME
_2z
999 _c958
_d958